| 000 | 00893nam a22002297a 4500 | ||
|---|---|---|---|
| 999 |
_c64150 _d64150 |
||
| 005 | 20240530110717.0 | ||
| 008 | 180306s2014 ua a g b 000 0 ara d | ||
| 017 |
_a2013/4301 _bمصر. دار الكتب |
||
| 020 | _a9789775298034 | ||
| 040 |
_aEG-CaGPL _cEG-CaGPL |
||
| 082 | 0 | 4 |
_221 _a953.3\ _bص ح |
| 100 | 0 | _aصالح شائف | |
| 245 | 1 | 0 |
_aحراك الجنوب : _bقضية وطن ومستقبل شعب : رؤية تحليلية نقدية توثيقية / _cصالح شائف . |
| 250 | _aط.1 | ||
| 260 |
_aالقاهرة : _bدار الكتبى للنشر والتوزيع ، _c2013 . |
||
| 300 |
_a416 ص. ؛ _c24 سم. |
||
| 650 | 0 | 7 |
_2qrmak _aالحضارة الاسلامية _zاليمن |
| 651 | 0 | 7 |
_2qrmak _aاليمن الجنوبية _xتاريخ |
| 651 | 0 | 7 |
_2qrmak _aاليمن _xالاحوال السياسية |
| 942 |
_2ddc _cBK |
||